Statistics for Clubs to participate in UEFA Champions League Knockout Stage

Click here to take the quiz!

General Stats

  • This quiz has been taken 42 times
  • The average score is 50 of 70

Answer Stats

App.TeamLast App.% Correct
93Barcelona (ESP)2020
97%
92Bayern Munich (GER)2020
97%
61Chelsea (ENG)2020
97%
68Manchester United (ENG)2019
97%
98Real Madrid (ESP)2020
97%
32Borussia Dortmund (GER)2020
95%
65Juventus (ITA)2020
95%
44Liverpool (ENG)2020
95%
21Manchester City (ENG)2020
95%
51Milan (ITA)2014
95%
38Porto (POR)2019
95%
10Sevilla (ESP)2018
95%
45Arsenal (ENG)2017
92%
28Paris Saint-Germain (FRA)2020
92%
22Valencia (ESP)2020
92%
24Ajax (NED)2019
90%
33Internazionale (ITA)2012
90%
15Tottenham Hotspur (ENG)2020
90%
32Atlético Madrid (ESP)2020
87%
16Benfica (POR)2017
87%
31Lyon (FRA)2020
87%
7Marseille (FRA)2012
85%
24Monaco (FRA)2017
85%
14PSV Eindhoven (NED)2016
85%
22Roma (ITA)2019
85%
6Celtic (SCO)2013
82%
6CSKA Moscow (RUS)2012
82%
5Napoli (ITA)2020
79%
2Rangers (SCO)2006
79%
2Sporting CP (POR)2009
79%
2Lazio (ITA)2000
77%
2RB Leipzig (GER)2020
77%
18Schalke 04 (GER)2019
77%
10Shakhtar Donetsk (UKR)2018
77%
4Leicester City (ENG)2017
74%
2Lille (FRA)2007
74%
17Bayer Leverkusen (GER)2017
72%
8Galatasaray (TUR)2014
72%
6Zenit Saint Petersburg (RUS)2016
72%
4Fenerbahçe (TUR)2008
69%
2Fiorentina (ITA)2010
69%
4Leeds United (ENG)2001
69%
2Beşiktaş (TUR)2018
67%
8Olympiacos (GRE)2014
67%
2Spartak Moscow (RUS)1996
67%
6Basel (SUI)2018
64%
2Atalanta (ITA)2020
62%
4Bordeaux (FRA)2010
62%
4Málaga (ESP)2013
62%
2Copenhagen (DEN)2011
59%
8Dynamo Kyiv (UKR)2016
59%
4Nantes (FRA)1996
59%
10Villarreal (ESP)2009
59%
2Lokomotiv Moscow (RUS)2004
56%
4Stuttgart (GER)2010
56%
2Real Sociedad (ESP)2004
54%
4Wolfsburg (GER)2016
54%
2Gent (BEL)2016
51%
2Sparta Prague (CZE)2004
51%
10Deportivo La Coruña (ESP)2004
49%
8Panathinaikos (GRE)2009
49%
4Werder Bremen (GER)2006
49%
4APOEL (CYP)2012
41%
2Celta Vigo (ESP)2004
36%
2Rosenborg (NOR)1997
36%
2Auxerre (FRA)1997
28%
2Legia Warsaw (POL)1996
28%
2Kaiserslautern (GER)1999
26%
2IFK Göteborg (SWE)1995
18%
2Hajduk Split (CRO)1995
15%

Score Distribution

Percentile by Number Answered

Percent of People with Each Score

Your Score History

You have not taken this quiz